ARRUPE JESUIT UNIVERSITY

CORONAVIRUS -STOP THE SPREAD - CLEAN,DISINFECT,COVER

Mayo clinic guide to alzheimer's disease (Record no. 122421)

MARC details
000 -LEADER
fixed length control field 00488nam a22001457a 4500
008 - FIXED-LENGTH DATA ELEMENTS--GENERAL INFORMATION
fixed length control field 150312b xxu||||| |||| 00| 0 eng d
020 ## - INTERNATIONAL STANDARD BOOK NUMBER
International Standard Book Number 9781893005419
050 ## - LIBRARY OF CONGRESS CALL NUMBER
Classification number RC523.2.M384 2006
100 ## - MAIN ENTRY--PERSONAL NAME
Personal name Petersen, R.
9 (RLIN) 16265
245 ## - TITLE STATEMENT
Title Mayo clinic guide to alzheimer's disease
Statement of responsibility, etc /by Ronald Petersen
260 ## - PUBLICATION, DISTRIBUTION, ETC. (IMPRINT)
Place of publication, distribution, etc Rochester, New York
Name of publisher, distributor, etc Mayo clinic health solutions
Date of publication, distribution, etc 2006
300 ## - PHYSICAL DESCRIPTION
Extent ix,350p. ;
Dimensions 24cm
650 ## - SUBJECT ADDED ENTRY--TOPICAL TERM
Topical term or geographic name as entry element Alzheimer's disease
General subdivision Popular works
9 (RLIN) 16266
942 ## - ADDED ENTRY ELEMENTS (KOHA)
Source of classification or shelving scheme Library of Congress Classification
Item type Monograph ( Printed materials)
Koha issues (borrowed), all copies 1
Holdings
Withdrawn status Lost status Source of classification or shelving scheme Damaged status Not for loan Collection code Home library Current library Shelving location Date acquired Total Checkouts Full call number Barcode Date last seen Date last borrowed Price effective from Koha item type
    Library of Congress Classification     Main Collection ARRUPE LIBRARY ARRUPE LIBRARY Main Collection 12/03/2015 3 RC523.2.M384 2006 46500002689 11/09/2019 06/02/2019 12/03/2015 Monograph ( Printed materials)

 

Arrupe Library. PO Box MP320 Mt Pleasant, Harare, Zimbabwe
263 242 745411|librarian@aju.ac.zw